00536nam a2200157 a 450000100100000000500170001000800410002704000250006810000370009324500310013026000380016130000170019950000340021695201110025099900170036100003979920240502094959.0130722s1976 cu 000 0 spa d aDO-SdBNPbspacBNPHU1 aCastro, Fideld 1926-201691697110aDiscursos /cFidel Castro. aCuba :bCiencias Sociales,c1976. av. ;c22 cm. aLa biblioteca posee el tomo I 001054708MOaGRbGRcCTd2013-07-22iLF1l0o p39799-10r2020-06-25w2020-06-25y4ZPréstamo en sala c39289d39289